000 00921nam a22002897a 4500
001 BR7000779
003 BR-BrBNA
005 20230928083617.0
007 ta
008 230509b bl.||||| |||| 00| 0 por d
040 _aBR-BrBNA
_bpor
_cBiblioteca Nacional de Agricultura
041 _a(Por)
072 _aL00; E15
_b5213
_b/G514
090 _ 5213 BR7000779
100 1 _aBarcelos, J.M.
100 1 _aCunha, H.
110 1 _aConselho Nacional de Desenvolvimento da Pecuaria, Rio de Janeiro, GB (Brasil)
_92674
245 1 _aAnalise preliminar da tecnologia e dos custos da pecuaria bovina de corte. Municipio de Maracaju-Mato Grosso-1968/69 [custo de producao, Brasil]
260 3 _aRio de Janeiro, GB (Brasil):
_c1970.
300 _a37 p.
650 _aGADO DE CORTE
650 _aMANEJO
650 _aCUSTO DE PRODUCAO
650 _aMATO GROSSO
909 _a202309
_bLucia
_c55
_dLucia Elande
942 _cBK
999 _c14453
_d14453